| 000 | 00551nam 22002053 4500 | ||
|---|---|---|---|
| 001 | 32503 | ||
| 005 | 20260210133026.0 | ||
| 010 | _a9780714848778 | ||
| 090 | _a32503 | ||
| 100 | _a20260210d c||y0itay50 ba | ||
| 101 | _aeng | ||
| 102 | _aGB | ||
| 200 |
_aThe three robbers _fTomi Ungerer |
||
| 210 |
_aLondon _aNew York _cPhaidon _d©2009 |
||
| 215 |
_a1 volume (senza paginazione) _cill. _d30 cm |
||
| 300 | _aFascia d'età: 5-10 | ||
| 500 |
_aDie drei Räuber _926235 |
||
| 610 | _aNarrativa tedesca per bambini | ||
| 700 |
_aUngerer _bTomi _926236 |
||
| 942 | _cBK | ||